00892nam a2200193 a 450000100100000000500170001000800410002704000250006810000410009324500600013426000480019430000210024250000730026304900090033695201200034595201050046595201110057099900170068100002448220250204092151.0110128s1976 dr 001 0 spa d aDO-SdBNPbspacBNPHU1 aJulia, Julio Jaimed1922-199392018510aAntología de la prosa Duartista /cJulio Jaime Julio. aSanto Domingo :bEditora del Caribe,c1976. a598 P. ;c24 cm. aIncluye referencias bibliográficas y notas al pie de las páginas aBNPD 001054708DSaGRbGRcCTd2011-01-31iLF1l0o p24482-30r2020-06-25te. 3w2020-06-25yLFDSZPréstamo en sala 0010718PDaPDbPDcCTd2011-01-28iLF1l0o p24482-10r2020-06-25w2020-06-25yLFPDZNo se presta 0010718PDaPDbPDcCTd2011-01-31iLF1l0o p24482-20r2020-06-25te. 2w2020-06-25yLFPDZNo se presta c23975d23975